Squadre di serie D 2025/26 - Statistics

Statistiche generali
  • Questo quiz è stato fatto 84 volte
  • Il punteggio medio è 64 su 162
Statistiche sulle risposte
Squadre % Corretto
Grosseto
68%
ChievoVerona
67%
Messina
65%
Siena
65%
Treviso
65%
L'Aquila
63%
Chieti
61%
Imperia
61%
Pistoiese
61%
Prato
61%
Ancona
60%
Asti
60%
Teramo
60%
Barletta
58%
Reggina
58%
Sanremese
58%
Vado
58%
Varese
58%
Città di Gela
56%
Enna
56%
Piacenza
56%
Milan Futuro
54%
Ragusa
54%
Fidelis Andria
53%
Olbia
53%
Savoia
53%
Union Clodiense Chioggia
53%
Foligno
51%
Nardò
51%
Nuova Sondrio
51%
Pavia
51%
Portogruaro
51%
Città di Fasano
49%
Folgore Caratese
49%
Ischia
49%
Legnago Salus
49%
Mestre
49%
Scafatese
49%
Termoli
49%
Biellese
47%
Ligorna
47%
Vibonese
47%
Athletic Club Palermo
46%
Caldiero Terme
46%
Derthona
46%
Francavilla
46%
Maceratese
46%
Paternò
46%
Recanatese
46%
Sestri Levante
46%
Villa Valle
46%
Bassano
44%
Club Milano
44%
Gozzano
44%
Imolese
44%
Pro Sesto
44%
San Luigi
44%
Sassari Latte Dolce
44%
Virtus Francavilla
44%
Adriese
42%
Campodarsego
42%
Desenzano
42%
Luparense
42%
San Marino
42%
Sora
42%
Unione La Rocca Altavilla
42%
Vigor Senigallia
42%
Afragolese
40%
Atletico Ascoli
40%
Brusaporto
40%
Este
40%
Nissa
40%
Sangiuliano City
40%
Trastevere
40%
Varesina
40%
Virtus CiseranoBergamo
40%
Lavagnese
39%
Maia Alta Obermais
39%
Nuova Igea Virtus
39%
Tuttocuoio
39%
Vigor Lamezia
39%
Anzio
37%
Breno
37%
Conegliano
37%
Follonica Gavorrano
37%
Gelbison
37%
Orvietana
37%
Ostiamare
37%
Paganese
37%
Pompei
37%
Vigasio
37%
Vivi Altotevere Sansepolcro
37%
Vogherese
37%
Atletico Lodigiani
35%
Brian Lignano
35%
Cairese
35%
Casatese Merate
35%
Castrum Favara
35%
Manfredonia
35%
Nola
35%
NovaRomentin
35%
Oltrepò
35%
Pro Palazzolo
35%
Real Acerrana
35%
Saluzzo
35%
Sancataldese
35%
Seravezza Pozzi
35%
Valenzana Mado
35%
Celle Varazze
33%
C.O.S. Sarrabus Ogliastra
33%
Ferrandina 17890
33%
Gravina
33%
Milazzo
33%
Palmese
33%
Real Calepina
33%
Rovato Vertovese
33%
Sporting Club Trestina
33%
Aquila Montevarchi
32%
Chisola
32%
Cjarlins Muzane
32%
Flaminia Civitacastellana
32%
Fossombrone
32%
Martina
32%
Poggibonsi
32%
Scandicci
32%
Trevigliese
32%
UniPomezia
32%
Budoni
30%
Cannara
30%
Castelfidardo
30%
Castellanzese
30%
Heraclea
30%
Real Normanna
30%
Tau Calcio Altopascio
30%
Camaiore
28%
Crema
28%
Lentigione
28%
Montespaccato
28%
Albalonga
26%
Calvi Noale
26%
Giulianova
26%
Leon
26%
Real Monterotondo
26%
Sarnese
26%
Valmontone
26%
Cassino
25%
Città di Arcireale
25%
Ghiviborgo
25%
Sambiese
25%
San Donato Tavarnelle
25%
Scanzorosciate
25%
Correggese
23%
Sasso Marconi
23%
Nocerina
21%
Notaresco
21%
Progresso
21%
Cittadella Vis Modena
19%
Inter SM Sammaurese
18%
Tropical Coriano
18%
Terranuova Traiana
16%
Sant'Angelo
14%
Monastir
12%
Nessun quiz corrispondente trovato
Distribuzione punteggi
Percentuale di utenti per punteggio
Percentile per numero di risposta
I tuoi punteggi nel tempo
Non hai fatto questo quiz